[Event "Warsaw YMCA Autumn-C 222nd"]
[Site "Warsaw"]
[Date "2019.10.24"]
[Round "8"]
[White "Jaroszuk, Marcin"]
[Black "Wyczesany, Dariusz"]
[Result "1/2-1/2"]
[WhiteElo "1560"]
[BlackElo "1511"]
[PlyCount "58"]
[EventDate "2019.09.19"]
[EventType "tourn"]
[EventRounds "13"]
[EventCountry "POL"]
[SourceTitle "CBM 195 Extra"]
[Source "ChessBase"]
[SourceDate "2020.05.31"]
[SourceVersion "1"]
[SourceVersionDate "2020.05.31"]
[SourceQuality "1"]

1. Nf3 f5 2. g3 Nf6 3. Bg2 g6 4. 0-0 Bg7 5. d4 0-0 6. c4 c6 7. Nc3 d6 8. Re1 Nbd7 9. e4 fxe4 10. Nxe4 Nxe4 11. Rxe4 Nf6 12. Rh4 Nh5 13. Qe2 h6 14. Re4 Rf7 15. Bd2 Nf6 16. Re3 Ng4 17. Rb3 Rb8 18. h3 Nf6 19. Re1 g5 20. Bxg5 hxg5 21. Nxg5 Rf8 22. Bxc6 Bxh3 23. Bf3 Qd7 24. Re3 Rbe8 25. Kh2 Ng4+ 26. Bxg4 Bxg4 27. f3 Bh5 28. g4 Bg6 29. d5 Be5+ 1/2-1/2

[Event "Warsaw YMCA Autumn-C 222nd"]
[Site "Warsaw"]
[Date "2019.10.16"]
[Round "5"]
[White "Wyczesany, Dariusz"]
[Black "Kuznik, Kamil"]
[Result "1-0"]
[WhiteElo "1511"]
[BlackElo "1497"]
[PlyCount "51"]
[EventDate "2019.09.19"]
[EventType "tourn"]
[EventRounds "13"]
[EventCountry "POL"]
[SourceTitle "CBM 195 Extra"]
[Source "ChessBase"]
[SourceDate "2020.05.31"]
[SourceVersion "1"]
[SourceVersionDate "2020.05.31"]
[SourceQuality "1"]

1. e4 c5 2. Nc3 Nc6 3. f4 g6 4. Nf3 Bg7 5. Bc4 d6 6. d3 Nf6 7. 0-0 0-0 8. Qe1 a6 9. a4 Na5 10. Ba2 Bd7 11. e5 Ne8 12. e6 fxe6 13. Bxe6+ Kh8 14. Ng5 b5 15. Nf7+ Rxf7 16. Bxf7 Nf6 17. Qh4 b4 18. Ne2 Nh5 19. f5 Bf6 20. Bg5 Bxf5 21. Rxf5 gxf5 22. Qxh5 Qf8 23. Bxf6+ exf6 24. Rf1 Ra7 25. Bd5 Qe7 26. Qxf5 1-0

[Event "Warsaw YMCA Winter-C 211st"]
[Site "Warsaw"]
[Date "2019.02.07"]
[Round "7"]
[White "Wyczesany, Dariusz"]
[Black "Dabrowska, Aleksandra"]
[Result "0-1"]
[WhiteElo "1428"]
[BlackElo "1490"]
[PlyCount "104"]
[EventDate "2019.01.09"]
[EventType "tourn"]
[EventRounds "13"]
[EventCountry "POL"]
[SourceTitle "EXT 2021"]
[Source "ChessBase"]
[SourceDate "2020.10.23"]
[SourceVersion "1"]
[SourceVersionDate "2020.10.23"]
[SourceQuality "1"]

1. e4 g6 2. d4 Bg7 3. Nc3 d6 4. Be3 Nf6 5. f3 0-0 6. Qd2 Nbd7 7. 0-0-0 e5 8. Bc4 a6 9. a3 b5 10. Bd5 Nxd5 11. exd5 f6 12. Bh6 exd4 13. Nce2 Ne5 14. Bxg7 Kxg7 15. Nxd4 Nc4 16. Qc3 Re8 17. Re1 Kg8 18. Nc6 Qd7 19. Nh3 Bb7 20. Qxf6 Bxc6 21. dxc6 Qxc6 22. Ng5 Qd7 23. Ne4 Rf8 24. h4 Rae8 25. Qg5 Qg7 26. Nf6+ Qxf6 27. Qxf6 Rxe1+ 28. Rxe1 Rxf6 29. Re8+ Kg7 30. b3 Nxa3 31. c3 b4 32. Kb2 Nb5 33. cxb4 Rf4 34. Re7+ Rf7 35. Re1 Kf8 36. Ra1 Rf4 37. h5 Rh4 38. hxg6 hxg6 39. Rxa6 Rh2 40. Ra5 Rxg2+ 41. Kc1 Rg5 42. Kd2 Rd5+ 43. Ke3 Ke7 44. Ra8 Rd4 45. Ra4 Ke6 46. Kf2 Kf5 47. Ke3 Ke5 48. Ra8 Rxb4 49. Re8+ Kf5 50. Rf8+ Ke6 51. f4 Rxb3+ 52. Ke4 d5# 0-1

[Event "Warsaw YMCA Winter-C 211st"]
[Site "Warsaw"]
[Date "2019.01.23"]
[Round "3"]
[White "Wyczesany, Dariusz"]
[Black "Szumigaj, Marcin"]
[Result "1-0"]
[WhiteElo "1428"]
[BlackElo "1418"]
[PlyCount "79"]
[EventDate "2019.01.09"]
[EventType "tourn"]
[EventRounds "13"]
[EventCountry "POL"]
[SourceTitle "EXT 2021"]
[Source "ChessBase"]
[SourceDate "2020.10.23"]
[SourceVersion "1"]
[SourceVersionDate "2020.10.23"]
[SourceQuality "1"]

1. e4 c5 2. Nf3 d6 3. d3 Nc6 4. g3 g6 5. Bg2 Bg7 6. Nbd2 e5 7. 0-0 Nge7 8. Re1 0-0 9. Nf1 f5 10. c3 h6 11. h4 f4 12. N1h2 Be6 13. Bd2 fxg3 14. fxg3 Qd7 15. a3 Rf7 16. Re3 Raf8 17. b4 b6 18. Rb1 Kh7 19. Be1 Ng8 20. Nd2 Nf6 21. Rf3 Ng4 22. Rxf7 Rxf7 23. Qe2 Nf6 24. Ndf1 Ne7 25. Ne3 Neg8 26. g4 h5 27. g5 Ne8 28. Bg3 Nc7 29. Rf1 Ne7 30. Bf3 Nc6 31. Rf2 Kg8 32. Qc2 cxb4 33. axb4 Nb5 34. Nhf1 Qc8 35. Nd5 Qf8 36. Bg2 Bg4 37. Nfe3 Be6 38. Qa4 a6 39. Qxa6 Rxf2 40. Bxf2 1-0

[Event "Warsaw YMCA Autumn-D 208th"]
[Site "Warsaw"]
[Date "2018.11.20"]
[Round "10"]
[White "Wyczesany, Dariusz"]
[Black "Oles, Jan"]
[Result "1-0"]
[WhiteElo "1397"]
[BlackElo "1231"]
[PlyCount "59"]
[EventDate "2018.09.18"]
[EventType "tourn"]
[EventRounds "13"]
[EventCountry "POL"]
[SourceTitle "EXT 2021"]
[Source "ChessBase"]
[SourceDate "2020.10.23"]
[SourceVersion "1"]
[SourceVersionDate "2020.10.23"]
[SourceQuality "1"]

1. e4 e6 2. d3 c5 3. g3 Nc6 4. Bg2 e5 5. Nf3 d6 6. c3 Nf6 7. Nbd2 Bg4 8. h3 Bxf3 9. Nxf3 h6 10. Nh4 g6 11. Be3 Be7 12. Qd2 Bf8 13. 0-0 Ne7 14. Qc2 g5 15. Nf3 Ng6 16. Nh2 Nh5 17. Rad1 Bg7 18. Qe2 Nf6 19. d4 Qa5 20. dxc5 dxc5 21. Qc4 b6 22. a4 0-0 23. Ra1 Rac8 24. Nf3 a6 25. Nd2 b5 26. axb5 Qxb5 27. Rxa6 Qxb2 28. Rb1 Qc2 29. Ra2 Qxb1+ 30. Nxb1 1-0

[Event "Warsaw YMCA Autumn-D 208th"]
[Site "Warsaw"]
[Date "2018.09.25"]
[Round "2"]
[White "Derylo, Adam"]
[Black "Wyczesany, Dariusz"]
[Result "1/2-1/2"]
[WhiteElo "1371"]
[BlackElo "1397"]
[PlyCount "60"]
[EventDate "2018.09.18"]
[EventType "tourn"]
[EventRounds "13"]
[EventCountry "POL"]
[SourceTitle "EXT 2021"]
[Source "ChessBase"]
[SourceDate "2020.10.23"]
[SourceVersion "1"]
[SourceVersionDate "2020.10.23"]
[SourceQuality "1"]

1. e4 g6 2. d4 Bg7 3. Nf3 c6 4. Nc3 b5 5. Bf4 Nf6 6. Bd3 b4 7. Ne2 Bb7 8. Qd2 a5 9. a3 c5 10. dxc5 Nxe4 11. Bxe4 Bxe4 12. axb4 Bxb2 13. Ra2 Bf6 14. b5 0-0 15. Qe3 Bf5 16. Ned4 Be6 17. Nxe6 dxe6 18. 0-0 Qd5 19. Qa3 e5 20. Be3 e4 21. Nd2 Nd7 22. c6 Ne5 23. Qa4 Ng4 24. c4 Qe5 25. g3 Nxe3 26. fxe3 Bg5 27. Qb3 Qc5 28. Re1 f5 29. Kf1 Rfd8 30. Ke2 Rd3 1/2-1/2

[Event "Warsaw YMCA Spring-C 200th"]
[Site "Warsaw"]
[Date "2018.05.10"]
[Round "6"]
[White "Kuznik, Kamil"]
[Black "Wyczesany, Dariusz"]
[Result "1-0"]
[WhiteElo "1505"]
[BlackElo "1388"]
[PlyCount "121"]
[EventDate "2018.04.05"]
[EventType "tourn"]
[EventRounds "13"]
[EventCountry "POL"]
[SourceTitle "EXT 2021"]
[Source "ChessBase"]
[SourceDate "2020.10.23"]
[SourceVersion "1"]
[SourceVersionDate "2020.10.23"]
[SourceQuality "1"]

1. e4 g6 2. d4 Bg7 3. Nf3 c6 4. Be2 d6 5. 0-0 Nf6 6. Nc3 0-0 7. h3 Nbd7 8. Be3 b5 9. a3 h6 10. Qd2 Kh7 11. Rad1 a5 12. b4 Nb6 13. d5 cxd5 14. bxa5 Nc4 15. Bxc4 bxc4 16. Bb6 Qd7 17. exd5 Bb7 18. Rfe1 Rfc8 19. Qe2 Ng8 20. Nd4 Be5 21. Qe3 Bf6 22. Ndb5 Ba6 23. a4 h5 24. Qe4 Nh6 25. Re3 Bg5 26. Rf3 Bf6 27. Re1 Be5 28. Rfe3 Nf5 29. R3e2 Nh6 30. f4 Bf6 31. Bd4 Bh4 32. Rf1 Nf5 33. Bf2 Bxf2+ 34. Kxf2 Bxb5 35. Nxb5 Rxa5 36. g4 hxg4 37. hxg4 Nh6 38. Qxe7 Qxg4 39. Nxd6 Qxf4+ 40. Kg1 Qd4+ 41. Ref2 Rg8 42. Nxf7 Nxf7 43. Qxf7+ Rg7 44. Qf3 Rxd5 45. Kh1 Rh5+ 46. Rh2 Rxh2+ 47. Kxh2 Qd2+ 48. Kg3 Qd6+ 49. Qf4 Rd7 50. Qxd6 Rxd6 51. Rf7+ Kh6 52. Rc7 Rd4 53. a5 g5 54. a6 Rd6 55. a7 Ra6 56. Rc6+ Rxc6 57. a8Q Rf6 58. Qh8+ Kg6 59. Qg8+ Kh6 60. Qxc4 Kg6 61. Qe4+ 1-0

[Event "Warsaw YMCA Autumn-D 193rd"]
[Site "Warsaw"]
[Date "2017.11.21"]
[Round "10"]
[White "Derylo, Adam"]
[Black "Wyczesany, Dariusz"]
[Result "1-0"]
[WhiteElo "1299"]
[BlackElo "1323"]
[PlyCount "87"]
[EventDate "2017.09.19"]
[EventType "tourn"]
[EventRounds "13"]
[EventCountry "POL"]
[SourceTitle "EXT 2019"]
[Source "ChessBase"]
[SourceDate "2018.10.10"]
[SourceVersion "1"]
[SourceVersionDate "2018.10.10"]
[SourceQuality "1"]

1. e4 c6 2. d4 Na6 3. Nc3 Nc7 4. Bf4 g6 5. Nf3 Bg7 6. Bc4 b5 7. Bb3 d6 8. 0-0 Nf6 9. Re1 Ne6 10. Be3 b4 11. Ne2 Nxe4 12. d5 N6c5 13. Bd4 Nf6 14. Bc4 0-0 15. dxc6 Ne6 16. c3 a5 17. Be3 Ba6 18. Bxe6 fxe6 19. cxb4 axb4 20. Ned4 Bc4 21. b3 Bd5 22. Bd2 e5 23. Nc2 Bxc6 24. Nxb4 Bb7 25. Ng5 Qd7 26. Bc3 Qf5 27. Nf3 Rac8 28. Rc1 Bh6 29. Bd2 Rxc1 30. Qxc1 Bxd2 31. Nxd2 Rc8 32. Qd1 Ng4 33. f3 Rf8 34. Qe2 Qf4 35. Qc4+ Qxc4 36. Nxc4 Nf6 37. a4 Rb8 38. Rb1 Nd7 39. Na5 Bxf3 40. gxf3 Rxb4 41. Nc6 Rf4 42. Kg2 Kf7 43. a5 Ra4 44. bxa4 1-0

[Event "Warsaw YMCA Autumn-D 193rd"]
[Site "Warsaw"]
[Date "2017.11.14"]
[Round "9"]
[White "Wyczesany, Dariusz"]
[Black "Kwiecinski, Rafal"]
[Result "1-0"]
[WhiteElo "1323"]
[BlackElo "1162"]
[PlyCount "188"]
[EventDate "2017.09.19"]
[EventType "tourn"]
[EventRounds "13"]
[EventCountry "POL"]
[SourceTitle "EXT 2019"]
[Source "ChessBase"]
[SourceDate "2018.10.10"]
[SourceVersion "1"]
[SourceVersionDate "2018.10.10"]
[SourceQuality "1"]

1. e4 c5 2. Nc3 e6 3. g3 Nc6 4. Bg2 d6 5. d3 h6 6. f4 Nge7 7. Nh3 Nd4 8. 0-0 Bd7 9. Ne2 Nxe2+ 10. Qxe2 Nc6 11. c3 Be7 12. Be3 Qc8 13. Nf2 h5 14. Nh3 Qc7 15. d4 0-0-0 16. Ng5 Rdf8 17. Rab1 Nd8 18. b4 f6 19. Nf3 c4 20. Nd2 b5 21. Bf2 g5 22. Qe3 gxf4 23. gxf4 Rfg8 24. Kh1 h4 25. Rg1 a6 26. Bh3 Re8 27. Rg7 Bc6 28. d5 Bd7 29. Re1 Bf8 30. dxe6 Nxe6 31. Rf7 Bh6 32. Rxf6 Bxf4 33. Rxf4 Nxf4 34. Bxd7+ Qxd7 35. Qxf4 Ref8 36. Qe3 h3 37. Rg1 Rf7 38. Bg3 Rhf8 39. Qb6 Qb7 40. Qxd6 Rd8 41. Qe6+ Rfd7 42. Nxc4 bxc4 43. Qxc4+ Rc7 44. Qxc7+ Qxc7 45. Bxc7 Kxc7 46. Rc1 Rd2 47. a4 Re2 48. Kg1 Rg2+ 49. Kh1 Re2 50. Rf1 Rxe4 51. Kg1 Re2 52. Rf7+ Kd8 53. Rh7 Re3 54. c4 Rc3 55. Rh4 Rc1+ 56. Kf2 Rc2+ 57. Kg3 Rc3+ 58. Kg4 Rxc4+ 59. Kxh3 Rc3+ 60. Kg4 Ra3 61. a5 Rb3 62. Kf5 Rb2 63. Ke5 Kc7 64. Rc4+ Kb7 65. h4 Re2+ 66. Kf6 Rd2 67. Ke6 Re2+ 68. Kf5 Rd2 69. Ke5 Re2+ 70. Re4 Rh2 71. Kd5 Rd2+ 72. Kc5 Rc2+ 73. Rc4 Rh2 74. b5 Rf2 75. b6 Rb2 76. Kd5 Rd2+ 77. Rd4 Ra2 78. Ke6 Rxa5 79. Rd5 Ra4 80. h5 Kxb6 81. h6 Rh4 82. Rd6+ Kc7 83. Rd7+ Kc8 84. Rh7 Re4+ 85. Kf5 Rh4 86. Kg5 Rh2 87. Ra7 Rg2+ 88. Kf6 Kb8 89. Rxa6 Kb7 90. Re6 Rf2+ 91. Kg7 Rd2 92. Rf6 Kc8 93. h7 Rg2+ 94. Rg6 Rh2 1-0

[Event "Warsaw YMCA Autumn-D 193rd"]
[Site "Warsaw"]
[Date "2017.10.24"]
[Round "6"]
[White "Markiewicz, Janusz"]
[Black "Wyczesany, Dariusz"]
[Result "0-1"]
[WhiteElo "1203"]
[BlackElo "1323"]
[PlyCount "82"]
[EventDate "2017.09.19"]
[EventType "tourn"]
[EventRounds "13"]
[EventCountry "POL"]
[SourceTitle "EXT 2019"]
[Source "ChessBase"]
[SourceDate "2018.10.10"]
[SourceVersion "1"]
[SourceVersionDate "2018.10.10"]
[SourceQuality "1"]

1. e4 c5 2. b4 cxb4 3. a3 bxa3 4. Nxa3 d6 5. Nf3 Nc6 6. Bc4 e6 7. 0-0 Nf6 8. d3 Be7 9. Bb2 0-0 10. Qd2 d5 11. exd5 Nxd5 12. Rfb1 Bf6 13. c3 b6 14. d4 Nce7 15. Bd3 Ng6 16. c4 Nc7 17. Nc2 Bb7 18. Nce1 Re8 19. Ra2 Qd6 20. Bxg6 hxg6 21. Ba3 Qd8 22. Qf4 Na6 23. c5 Bd5 24. Rc2 Nb8 25. cxb6 axb6 26. Bd6 g5 27. Qg3 Be4 28. Bc7 Qd5 29. Bxb6 Bxc2 30. Nxc2 Qa2 31. Rf1 Qxc2 32. h3 Nd7 33. Ne1 Qe4 34. Qd6 Nxb6 35. Qxb6 Bxd4 36. Qb5 Qe5 37. Qd7 Red8 38. Qc6 Ra1 39. Nf3 Rxf1+ 40. Kxf1 Qc5 41. Nxd4 Qxd4 0-1